000 01238nab a22002657a 4500
999 _c5281
_d5281
003 OSt
005 20250213124429.0
008 190604e xxu||||| |||| 00| 0 spa d
040 _cPJ
100 _96338
_aCapaldo, Griselda D.
245 1 0 _aModificaciones sustantivas al Código Aeronáutico a 67 años de su vigencia. Los DNU 70-2023 y 941-2024 /
_cGriselda D. Capaldo.
260 _aCiudad Autónoma de Buenos Aires :
_bThomson Reuters La Ley,
_c2025.
300 _ap. 5-15
500 _aCita Online: LA LEY AR/DOC/132/2024.
505 _aSumario: I. Introducción.— II. El DNU 70/2023.— III. El DNU 941/2024.— IV. Problemas de técnica legislativa y de coherencia legal.
505 _t¿Te interesa el texto completo? Solicitalo al correo: koha@justierradelfuego.gov.ar
650 0 _9200
_aDECRETOS DE NECESIDAD Y URGENCIA
650 0 _96341
_aDERECHO AERONÁUTICO
650 0 _96339
_aCÓDIGO AERONÁUTICO
650 0 _9200
_aDECRETOS DE NECESIDAD Y URGENCIA
650 0 _96342
_aAERONAVE
650 0 _96340
_aTRANSPORTE AÉREO DE PASAJEROS
773 0 _02714
_93171
_dCiudad Autónoma de Buenos Aires : Thomson Reuters La Ley, 2014-
_tRevista anales de legislación argentina. Nº 2 - Febrero 2025.
942 _2udc
_cANA